História: caderno de actividades

Guardado en:
Detalles Bibliográficos
Autor principal: Cantanhede, Francisco
Otros Autores: Mendonça, Maria Olávia Oliveira, Ana Rodrigues
Formato: Desconocido
Lenguaje:portugués
Publicado: Cacém Texto 2001
Edición:3ª ed
Catálogo:MANES:  Resultados de Búsqueda del Catálogo
Clasificación de libros de texto:
Etiquetas: Agregar Etiqueta
Sin Etiquetas, Sea el primero en etiquetar este registro!
Añadido a:2016-04-26
Cambiado en:2025-04-25

MARC

LEADER 000000000a22000000004500
001 33733
003 OSt
005 20250425111652.0
008 160427s2001 po 00| 0 por d
041 |a por 
043 |a Portugal 
561 |5 pt-BNP  |a Portugal. Biblioteca Nacional de Portugal  |k MANES 
691 |a SE 
100 1 |a Cantanhede, Francisco  |9 14907 
700 1 |a Mendonça, Maria Olávia  |9 14908  |a Oliveira, Ana Rodrigues  |9 14862 
245 0 0 |a História: caderno de actividades 
250 |a 3ª ed 
260 3 |a Cacém  |b Texto  |c 2001 
300 |a 64 p., 1 f. desdobr.;  |c 27 cm 
690 |a HI 
942 |2 ddc  |c BK 
546 |a Portugal 
999 |c 37571  |d 37571 
999 |c manes:37571  |d 37571